| 000 -LEADER |
| fixed length control field |
00459cam a22001217a 4500 |
| 008 - FIXED-LENGTH DATA ELEMENTS--GENERAL INFORMATION |
| fixed length control field |
180718b xxu||||| |||| 00| 0 eng d |
| 082 ## - DEWEY DECIMAL CLASSIFICATION NUMBER |
| Classification number |
U6 In8g |
| 245 ## - TITLE STATEMENT |
| Title |
Public sector manpower and education planning |
| Statement of responsibility, etc. |
by International Institute of Administrative Sciences |
| 260 ## - PUBLICATION, DISTRIBUTION, ETC. |
| Place of publication, distribution, etc. |
Brussels |
| Name of publisher, distributor, etc. |
International Institute of Administrative Sciences |
| Date of publication, distribution, etc. |
|
| 300 ## - PHYSICAL DESCRIPTION |
| Extent |
iv, 109p. |
| 650 ## - SUBJECT ADDED ENTRY--TOPICAL TERM |
| Topical term or geographic name entry element |
Manpower --Public sector |
| 700 ## - ADDED ENTRY--PERSONAL NAME |
| Personal name |
International Institute of Administrative Sciences |